Los derechos fundamentales de los reclusos

Salvato in:
Dettagli Bibliografici
Autore principale: López Melero, Montserrat (Autore)
Natura: Libro
Lingua:spagnolo
Pubblicazione: Madrid EDISOFER SL 2015
Edizione:1a. ed
Soggetti:
Tags: Aggiungi Tag
Nessun Tag, puoi essere il primo ad aggiungerne!!

MARC

LEADER 00000cam a2200000 a 4500
001 UCC8959
003 CL-VaPUC
008 190830e20150000sp |||||||||||||||||spa|d
020 |a 9788415276449 
082 0 4 |a 345.056  |b LOP  |2 21 
100 0 |a López Melero, Montserrat  |e author  |9 603672 
245 1 4 |a Los derechos fundamentales de los reclusos 
250 |a 1a. ed 
300 |a 349 p 
942 |c BK 
945 |d 20190830 10:52:00  |a dcastane 
260 |a Madrid  |b EDISOFER SL  |c 2015 
650 0 |a Derechos fundamentales   |9 254841 
650 7 |a REOS  |2 CL-VaPUC  |9 371910 
650 7 |a IMPUTADOS  |2 CL-VaPUC  |9 534381 
650 0 |a Procedimiento penal  |9 254974 
583 |a last modification  |c 20190830 10:52:00  |k Rodrigo Vera 
999 |c 375154  |d 375152 
952 |0 0  |1 0  |3 erb  |4 0  |6 345_056000000000000_LOP_2015  |7 0  |8 WP_COW  |9 561098  |a BIBDER  |b BIBDER  |e Fundación W and P Cowley  |i 5597242  |l 4  |m 1  |o 345.056 LOP 2015  |p 5597242  |r 2024-11-26  |s 2024-11-08  |w 2020-03-12  |y BK  |z Catalogado en:20190830  |k WPC